Burocratismo y participación popular
Bewaard in:
| Hoofdauteur: | |
|---|---|
| Formaat: | Texto |
| Gepubliceerd in: |
Managua:
Asociación Nicaraguense de Científicos Sociales
|
| Tags: |
Voeg label toe
Geen labels, Wees de eerste die dit record labelt!
|
MARC
| LEADER | 00000 a a2200000 04500 | ||
|---|---|---|---|
| 001 | 21500 | ||
| 003 | |||
| 040 | |||
| 090 | |a 095000 | ||
| 100 | |a Bernales Alvarado, Manuel | ||
| 245 | |a Burocratismo y participación popular | ||
| 260 | |a Managua: |b Asociación Nicaraguense de Científicos Sociales | ||
| 300 | |a 22 p. | ||
| 999 | |c 1270 |d 1270 | ||
